Taqwiat-ul-Iman / (Record no. 185418)
[ view plain ]
| 000 -LEADER | |
|---|---|
| fixed length control field | 00776 a2200169 4500 |
| 003 - CONTROL NUMBER IDENTIFIER | |
| control field | NUST |
| 005 - DATE AND TIME OF LATEST TRANSACTION | |
| control field | 20221209141415.0 |
| 040 ## - CATALOGING SOURCE | |
| Transcribing agency | Nust |
| 082 ## - DEWEY DECIMAL CLASSIFICATION NUMBER | |
| Classification number | 297.5,SHA |
| 100 ## - MAIN ENTRY--PERSONAL NAME | |
| Personal name | Shaheed, Shah Ismail |
| 9 (RLIN) | 104555 |
| 245 ## - TITLE STATEMENT | |
| Title | Taqwiat-ul-Iman / |
| Statement of responsibility, etc. | Shah Ismail Shaheed |
| 260 ## - PUBLICATION, DISTRIBUTION, ETC. | |
| Place of publication, distribution, etc. | Lahore |
| Name of publisher, distributor, etc. | Idara-e-Islamiat |
| 300 ## - PHYSICAL DESCRIPTION | |
| Extent | 351:p .: |
| 505 ## - FORMATTED CONTENTS NOTE | |
| Formatted contents note | Part-1: Taqwiat-ui-Iman (Page-x), Oneness and Plurality of God (Page-1), In Defence of Shirk (Polytheism) (Page-13), About Partnership in Knowledge (Page-23), About the Evils of Partnership in Administration of ALLAH (Page-33), About the Evil of Partnership in Prayer of ALLAH (Page-47), Association with ALLAH in the Affairs of Life (Page-61) Part-2: Tabhkirul Ikhwan (Page-91). |
| 650 ## - SUBJECT ADDED ENTRY--TOPICAL TERM | |
| Topical term or geographic name entry element | Iman |
| 9 (RLIN) | 104556 |
| 942 ## - ADDED ENTRY ELEMENTS (KOHA) | |
| Source of classification or shelving scheme | |
| Koha item type | Book |
| Call number prefix | 297.5,SHA |
| Withdrawn status | Lost status | Source of classification or shelving scheme | Damaged status | Not for loan | Permanent Location | Current Location | Shelving location | Date acquired | Full call number | Barcode | Date last seen | Price effective from | Koha item type | Public note |
|---|---|---|---|---|---|---|---|---|---|---|---|---|---|---|
| Military College of Signals (MCS) | Military College of Signals (MCS) | General Stacks | 12/12/2016 | 297.5,SHA | MCS31301 | 12/08/2016 | 12/12/2016 | Book | Almirah No.47, Shelf No.4 |
